000 00260nam a2200133Ia 4500
100 _aVasishtha/A.R.
942 _cBK
654 _aMatrices
245 _aMatrices
260 _bKrishna prakashan
_aMeerut
300 _a376
546 _aENGLISH
999 _c21174
_d21174